<?xml version="1.0" encoding="UTF-8"?>
<record
    xmlns:xsi="http://www.w3.org/2001/XMLSchema-instance"
    xsi:schemaLocation="http://www.loc.gov/MARC21/slim http://www.loc.gov/standards/marcxml/schema/MARC21slim.xsd"
    xmlns="http://www.loc.gov/MARC21/slim">

  <leader>01576cam a2200409 a 4500</leader>
  <controlfield tag="001">5386799</controlfield>
  <controlfield tag="003">OSt</controlfield>
  <controlfield tag="005">20240823124508.0</controlfield>
  <controlfield tag="008">970728s1997    le       b    001 0 ara  </controlfield>
  <datafield tag="010" ind1=" " ind2=" ">
    <subfield code="a">   97963303 </subfield>
  </datafield>
  <datafield tag="020" ind1=" " ind2=" ">
    <subfield code="a">9953851123</subfield>
  </datafield>
  <datafield tag="035" ind1=" " ind2=" ">
    <subfield code="a">(CStRLIN)DCLN97963303-B</subfield>
  </datafield>
  <datafield tag="040" ind1=" " ind2=" ">
    <subfield code="a">DLC-R</subfield>
    <subfield code="c">DLC-R</subfield>
    <subfield code="d">CStRLIN</subfield>
  </datafield>
  <datafield tag="042" ind1=" " ind2=" ">
    <subfield code="a">lcode</subfield>
  </datafield>
  <datafield tag="050" ind1="0" ind2="0">
    <subfield code="a">PJ7700.U4</subfield>
    <subfield code="b">A17 1997</subfield>
  </datafield>
  <datafield tag="066" ind1=" " ind2=" ">
    <subfield code="c">(3</subfield>
  </datafield>
  <datafield tag="082" ind1=" " ind2=" ">
    <subfield code="a">892.71</subfield>
    <subfield code="b">UMA/D</subfield>
  </datafield>
  <datafield tag="100" ind1="0" ind2=" ">
    <subfield code="a">&#x2BB;Umar ibn Ab&#x12B; Rab&#x12B;&#x2BB;ah,</subfield>
    <subfield code="d">643 or 644-711 or 712</subfield>
    <subfield code="6">880-01</subfield>
    <subfield code="9">9758</subfield>
  </datafield>
  <datafield tag="240" ind1="1" ind2="0">
    <subfield code="a">Poems</subfield>
  </datafield>
  <datafield tag="245" ind1="1" ind2="0">
    <subfield code="6">880-02</subfield>
    <subfield code="a">D&#x12B;w&#x101;n &#x2BB;Umar ibn Ab&#x12B; Rab&#x12B;&#x2BB;ah /</subfield>
    <subfield code="c">taqd&#x12B;m wa-tart&#x12B;b wa-shar&#x1E25; Qadr&#x12B; M&#x101;y&#x16B;.</subfield>
  </datafield>
  <datafield tag="250" ind1=" " ind2=" ">
    <subfield code="6">880-03</subfield>
    <subfield code="a">al-&#x1E6C;ab&#x2BB;ah 1.</subfield>
  </datafield>
  <datafield tag="260" ind1=" " ind2=" ">
    <subfield code="6">880-04</subfield>
    <subfield code="a">Beir&#x16B;t :</subfield>
    <subfield code="b">&#x2BB;&#x100;lam al-Kutub,</subfield>
    <subfield code="c">1997.</subfield>
  </datafield>
  <datafield tag="300" ind1=" " ind2=" ">
    <subfield code="a">360p</subfield>
  </datafield>
  <datafield tag="504" ind1=" " ind2=" ">
    <subfield code="a">Includes bibliographical references and index.</subfield>
  </datafield>
  <datafield tag="520" ind1=" " ind2=" ">
    <subfield code="a">Arabic poetry; 622-750; commentaries.</subfield>
  </datafield>
  <datafield tag="600" ind1="0" ind2="0">
    <subfield code="6">880-05</subfield>
    <subfield code="a">&#x2BB;Umar ibn Ab&#x12B; Rab&#x12B;&#x2BB;ah,</subfield>
    <subfield code="d">643 or 644-711 or 712</subfield>
    <subfield code="x">Criticism and interpretation.</subfield>
  </datafield>
  <datafield tag="700" ind1="1" ind2=" ">
    <subfield code="6">880-06</subfield>
    <subfield code="a">M&#x101;y&#x16B;, Qadr&#x12B;.</subfield>
  </datafield>
  <datafield tag="880" ind1="0" ind2=" ">
    <subfield code="6">100-01/(3/r</subfield>
    <subfield code="a">&#x639;&#x645;&#x631; &#x628;&#x646; &#x623;&#x628;&#x64A; &#x631;&#x628;&#x64A;&#x639;&#x629;.</subfield>
  </datafield>
  <datafield tag="880" ind1="1" ind2="0">
    <subfield code="6">245-02/(3/r</subfield>
    <subfield code="a">&#x62F;&#x64A;&#x648;&#x627;&#x646; &#x639;&#x645;&#x631; &#x628;&#x646; &#x623;&#x628;&#x64A; &#x631;&#x628;&#x64A;&#x639;&#x629; /</subfield>
    <subfield code="c">&#x62A;&#x642;&#x62F;&#x64A;&#x645; &#x648;&#x62A;&#x631;&#x62A;&#x64A;&#x628; &#x648;&#x634;&#x631;&#x62D; &#x642;&#x62F;&#x631;&#x64A; &#x645;&#x627;&#x64A;&#x648;.</subfield>
  </datafield>
  <datafield tag="880" ind1=" " ind2=" ">
    <subfield code="6">250-03/(3/r</subfield>
    <subfield code="a">&#x627;&#x644;&#x637;&#x628;&#x639;&#x629; 1.</subfield>
  </datafield>
  <datafield tag="880" ind1=" " ind2=" ">
    <subfield code="6">260-04/(3/r</subfield>
    <subfield code="a">&#x628;&#x64A;&#x631;&#x648;&#x62A; :</subfield>
    <subfield code="b">&#x639;&#x627;&#x644;&#x645; &#x627;&#x644;&#x643;&#x62A;&#x628;&#x60C;&#x60C;</subfield>
    <subfield code="c">1997.</subfield>
  </datafield>
  <datafield tag="880" ind1="0" ind2="4">
    <subfield code="6">600-05/(3/r</subfield>
    <subfield code="a">&#x639;&#x645;&#x631; &#x628;&#x646; &#x623;&#x628;&#x64A; &#x631;&#x628;&#x64A;&#x639;&#x629;.</subfield>
  </datafield>
  <datafield tag="880" ind1="1" ind2=" ">
    <subfield code="6">700-06/(3/r</subfield>
    <subfield code="a">&#x645;&#x627;&#x64A;&#x648;&#x60C; &#x642;&#x62F;&#x631;&#x64A;.</subfield>
  </datafield>
  <datafield tag="906" ind1=" " ind2=" ">
    <subfield code="a">7</subfield>
    <subfield code="b">cbc</subfield>
    <subfield code="c">origode</subfield>
    <subfield code="d">u</subfield>
    <subfield code="e">ncip</subfield>
    <subfield code="f">19</subfield>
    <subfield code="g">n-rlinjack</subfield>
  </datafield>
  <datafield tag="942" ind1=" " ind2=" ">
    <subfield code="2">ddc</subfield>
    <subfield code="c">BK</subfield>
    <subfield code="h">892.71</subfield>
    <subfield code="i">UMA/D</subfield>
    <subfield code="k">892.71</subfield>
    <subfield code="m">UMA/D</subfield>
  </datafield>
  <datafield tag="952" ind1=" " ind2=" ">
    <subfield code="0">0</subfield>
    <subfield code="1">0</subfield>
    <subfield code="2">ddc</subfield>
    <subfield code="4">0</subfield>
    <subfield code="7">0</subfield>
    <subfield code="8">POE</subfield>
    <subfield code="a">MES</subfield>
    <subfield code="b">MES</subfield>
    <subfield code="c">ARB</subfield>
    <subfield code="d">2023-10-18</subfield>
    <subfield code="l">0</subfield>
    <subfield code="o">892.71 UMA/D</subfield>
    <subfield code="p">42900</subfield>
    <subfield code="r">2023-10-18 16:11:31</subfield>
    <subfield code="v">750.00</subfield>
    <subfield code="w">2023-10-18</subfield>
    <subfield code="y">BK</subfield>
    <subfield code="z">GR5R3</subfield>
  </datafield>
  <datafield tag="999" ind1=" " ind2=" ">
    <subfield code="c">42665</subfield>
    <subfield code="d">42665</subfield>
  </datafield>
</record>
